000 00489nam a22001817a 4500
003 CEME
005 20210628205415.0
008 210127b xxu||||| |||| 00| 0 eng d
020 _a0-07-249940-0
040 _c.
082 _a620.0042 KEL
100 _aKelley, David S
_975415
245 _aPro engineer 2001 insturctor
260 _aNEW YORK
_bMCGRAW HILL
_c2004
300 _aXIV,558P
650 _aPRO/ENGINEER, COMPUTER AIDED DESIGN, MECHANICAL DRAWING
_975416
942 _cBK
_2ddc
999 _c580833
_d580833